000 00967nam0a22002531 4500
001 rc\592640
005 20260407101106.0
035 _a(NLR Aleph) 005837680
090 _a5645694
_c5645694
100 _a20031121d1986 |||y0rusy50 ca
101 0 _arus
102 _aRU
105 _ay |||||||||
200 1 _aАктуальные вопросы дерматологии
_eСб. науч. тр.
_fТадж. гос. мед. ин-т им. Абуали Ибни-Сино
_g[Редкол.: П.Т. Зоиров]
210 _aДушанбе
_cТГМИ
_d1986
215 _a87 с.
_d21
320 _aБиблиогр. в конце ст.
702 1 _aЗоиров
_bП.Т.
_4340
712 0 2 _aТаджикский медицинский институт им. Абу-Али ибн-Сина (Авиценны)
_cДушанбе
_3RU\NLR\AUTH\889928113
_9351856
801 0 _aRU
_bNLR
_gpsbo
801 1 _aRU
_bELAR
_2rusmarc
852 _aNLR
_j87-4/1282
942 _cBOOK
980 _aNB